Movies Quiz

Random Movies or Cartoons Quiz

4 Decades of Disney Movies Quiz Stats

 Plays Quiz Updated Aug 28, 2018

Support Sporcle.
Go Orange.
Score 0/20 Timer 04:00
2 Plays Today
Question Answer Wrong Answers
Moana 2010s
90%
1980s
0.7%
1990s
0.9%
2000s
4.4%
Frozen 2010s
89.1%
1980s
0.3%
1990s
0.3%
2000s
6.5%
Zootopia 2010s
86.1%
1980s
0.6%
1990s
1%
2000s
8.3%
The Lion King 1990s
84.9%
1980s
6.4%
2000s
4.4%
2010s
0.3%
Aladdin 1990s
83.2%
1980s
8.3%
2000s
4.1%
2010s
0.4%
Big Hero 6 2010s
80.4%
1980s
1.2%
1990s
1.3%
2000s
13%
Pocahontas 1990s
79.7%
1980s
7.9%
2000s
7.7%
2010s
0.6%
The Black Cauldron 1980s
79.2%
1990s
10.9%
2000s
4.1%
2010s
1.7%
The Fox and the Hound 1980s
75.6%
1990s
17.4%
2000s
2.7%
2010s
0.3%
Hercules 1990s
72.9%
1980s
5.2%
2000s
16.7%
2010s
1.3%
Lilo & Stitch 2000s
72.4%
1980s
1.9%
1990s
19.6%
2010s
2%
The Great Mouse Detective 1980s
71.7%
1990s
19.6%
2000s
3.9%
2010s
0.6%
Bolt 2000s
69.5%
1980s
1.3%
1990s
4.3%
2010s
20.9%
Oliver & Company 1980s
66.6%
1990s
23.5%
2000s
4.8%
2010s
1%
Tarzan 1990s
66.5%
1980s
7%
2000s
21.2%
2010s
1.4%
Meet the Robinsons 2000s
63%
1980s
12.5%
1990s
9.2%
2010s
11.3%
The Emperor's New Groove 2000s
59.9%
1980s
3.7%
1990s
30.5%
2010s
2%
Tangled 2010s
57.9%
1980s
0.6%
1990s
1.6%
2000s
36%
The Princess and the Frog 2000s
53.4%
1980s
7%
1990s
6.7%
2010s
29%
The Little Mermaid 1980s
47.5%
1990s
44.8%
2000s
3.6%
2010s
0.3%

You're not logged in!

Compare scores with friends on all Sporcle quizzes.
OR
Log In
Forgot?

From the Vault

Correct Title of Literary Works

by Chameleon

Well, it would be pretty unfortunate if things were known by incorrect titles.
Remove Ads.
Support Sporcle.
Get the best of Sporcle when you Go Orange. This ad-free experience offers more features, more stats, and more fun while also helping to support Sporcle. Thank you for becoming a member.

Show Comments

Extras

Top Quizzes Today


Score Distribution

Your Account Isn't Verified!

In order to create a playlist on Sporcle, you need to verify the email address you used during registration. Go to your Sporcle Settings to finish the process.

Report this User

Report this user for behavior that violates our Community Guidelines.

Details: